000 00574nam a2200205Ia 4500
003 GCL
008 140319s9999 xx 000 0 ara d
020 _a7423801977
040 _aGCL /
_cGCL
082 0 4 _a194
_bس ف
100 1 _aسوندارى
245 1 0 _aالفلسفة الجوهرية /
_cسوندارى
700 1 _aتوفيق مجلى
300 _a127 ص ؛
_c24 سم
490 _aالالف كتاب الثانى
_v0
650 0 4 _aالمجتمع
650 0 4 _aالانثربولوجيا
650 0 4 _aالفلسفة الفرنسية
942 _2ddc
_cBK
999 _c37753
_d37753